| 000 | 00978nam a2200289 i 4500 | ||
|---|---|---|---|
| 001 | 16017 | ||
| 003 | ES-MaACL | ||
| 005 | 20250731070128.0 | ||
| 007 | t| | ||
| 008 | 000601s1997 sp |||| | spa j | ||
| 020 | _a84-7846-636-3 | ||
| 080 | _a39(460.18-22)(0:82) | ||
| 080 | _a821.134.2-3.09"19" | ||
| 080 | _a914.601.8(0:82) | ||
| 100 | 1 |
_aGier, Daniel. _956684 |
|
| 245 | 1 | 3 |
_aLa Castilla rural en la narrativa de posguerra / _cDaniel Gier. |
| 260 |
_a[Valladolid] : _bConsejería de Educación y Cultura, _c1997. |
||
| 300 |
_a144 p. ; _c24 cm. |
||
| 490 | 1 | _aEstudios de lengua y literatura | |
| 650 | 1 | 4 |
_aVida rural- _xEn la literatura. _9148113 |
| 650 | 1 | 4 |
_aNovela española- _yS.XX- _xHistoria y crítica _915617 |
| 651 | 4 |
_aCastilla- _xEn la literatura. _9148112 |
|
| 710 | 1 |
_aCastilla y León. _bConsejería de Educación y Cultura. _92500 |
|
| 830 | 0 |
_aEstudios de lengua y literatura _9179645 |
|
| 852 |
_aES-MaACL _jL-23163 |
||
| 999 |
_c16017 _d16017 |
||